Esa mina llevaba mi nombre / (Registro nro. 4023)
[ vista simple ]
| 000 -LEADER | |
|---|---|
| fixed length control field | 01195nam a2200241Ia 4500 |
| 003 - CONTROL NUMBER IDENTIFIER | |
| control field | OSt |
| 005 - DATE AND TIME OF LATEST TRANSACTION | |
| control field | 20200316152801.0 |
| 008 - FIXED-LENGTH DATA ELEMENTS--GENERAL INFORMATION | |
| fixed length control field | 191128s2016 ck ao gr 000 0dspa d |
| 020 ## - INTERNATIONAL STANDARD BOOK NUMBER | |
| International Standard Book Number | 9789588944289 |
| 040 ## - CATALOGING SOURCE | |
| Original cataloging agency | CO-JMCR |
| Transcribing agency | CO-JMCR |
| 082 04 - DEWEY DECIMAL CLASSIFICATION NUMBER | |
| Classification number | 303 .6098 / |
| Item number | D963m |
| 100 1# - MAIN ENTRY--PERSONAL NAME | |
| Personal name | Durán Núñez, Diana, |
| Relator term | autor |
| 9 (RLIN) | 1585 |
| 245 10 - TITLE STATEMENT | |
| Title | Esa mina llevaba mi nombre / |
| Statement of responsibility, etc. | Diana Durán Núñez |
| 250 ## - EDITION STATEMENT | |
| Edition statement | Primera edición |
| 260 ## - PUBLICATION, DISTRIBUTION, ETC. | |
| Place of publication, distribution, etc. | Bogotá : |
| Name of publisher, distributor, etc. | Centro Nacional de Memoria Histórica, |
| Date of publication, distribution, etc. | 2016 |
| 300 ## - PHYSICAL DESCRIPTION | |
| Extent | 239 página : |
| Other physical details | fotografías a color ; |
| Dimensions | 23 cm. |
| 505 ## - FORMATTED CONTENTS NOTE | |
| Formatted contents note | Fue mi culpa, fue mi culpa -- La mina que cambió el color de unos ojos -- El soldado que sobrevivió una, dos, tres veces -- El hombre que sin manos dispara -- El miedo de enterrar a un muerto ajeno |
| 520 ## - SUMMARY, ETC. | |
| Summary, etc. | "Por favor, hermano, dispáreme en la cabeza". Con esa súplica recibió el capitán Juan David Arias al soldado que, tras oír la explosión de la mina, había salido corriendo a rescatar a su comandante. |
| 546 ## - LANGUAGE NOTE | |
| Language note | spa |
| 650 14 - SUBJECT ADDED ENTRY--TOPICAL TERM | |
| Topical term or geographic name entry element | Víctimas del conflicto armado |
| General subdivision | Relatos personales |
| Geographic subdivision | Colombia |
| 9 (RLIN) | 1586 |
| 650 24 - SUBJECT ADDED ENTRY--TOPICAL TERM | |
| Topical term or geographic name entry element | Víctimas del conflicto armado |
| General subdivision | Minas antipersonales |
| Geographic subdivision | Colombia |
| 9 (RLIN) | 1587 |
| 942 ## - ADDED ENTRY ELEMENTS (KOHA) | |
| Source of classification or shelving scheme | Dewey Decimal Classification |
| Koha item type | Books |
| Withdrawn status | Lost status | Source of classification or shelving scheme | Materials specified (bound volume or other part) | Damaged status | Not for loan | Home library | Current library | Date acquired | Source of acquisition | Cost, normal purchase price | Total Checkouts | Full call number | Barcode | Date last seen | Date last checked out | Copy number | Price effective from | Koha item type |
|---|---|---|---|---|---|---|---|---|---|---|---|---|---|---|---|---|---|---|
| Dewey Decimal Classification | Donación--12/04/2018-- | Biblioteca Pública José María del Castillo y Rada | Biblioteca Pública José María del Castillo y Rada | 11/28/2019 | Donación | 0.00 | 2 | 303 .6098 / D963m | 201808817 | 05/16/2024 | 05/10/2024 | Ej.1 | 11/28/2019 | Books |